<?xml version="1.0" encoding="UTF-8"?>
<collection xmlns="http://www.loc.gov/MARC21/slim">
 <record>
  <leader>01672nam a22002177a 4500</leader>
  <controlfield tag="001">NCT_118855</controlfield>
  <controlfield tag="008">220228b        xxu||||| |||| 00| 0 vie d</controlfield>
  <datafield tag="999" ind1=" " ind2=" ">
   <subfield code="c">6075</subfield>
   <subfield code="d">6075</subfield>
  </datafield>
  <datafield tag="022" ind1=" " ind2=" ">
   <subfield code="a">1859-0012</subfield>
  </datafield>
  <datafield tag="041" ind1="0" ind2=" ">
   <subfield code="a">vie</subfield>
  </datafield>
  <datafield tag="082" ind1="0" ind2="4">
   <subfield code="2">23rd ed.</subfield>
   <subfield code="a">330</subfield>
   <subfield code="b">T109C</subfield>
  </datafield>
  <datafield tag="245" ind1="0" ind2="0">
   <subfield code="a">Tạp chí kinh tế và phát triển =</subfield>
   <subfield code="b">Journal of economics &amp; development </subfield>
   <subfield code="n">Số 285</subfield>
   <subfield code="c">Trường Đại học Kinh tế Quốc dân</subfield>
  </datafield>
  <datafield tag="260" ind1=" " ind2=" ">
   <subfield code="a">H.</subfield>
   <subfield code="c">2021</subfield>
   <subfield code="b">Trường Đại học Kinh tế Quốc dân</subfield>
  </datafield>
  <datafield tag="300" ind1=" " ind2=" ">
   <subfield code="c">27cm</subfield>
  </datafield>
  <datafield tag="310" ind1=" " ind2=" ">
   <subfield code="a">Hàng tháng</subfield>
  </datafield>
  <datafield tag="362" ind1=" " ind2=" ">
   <subfield code="a">03/2021</subfield>
  </datafield>
  <datafield tag="520" ind1="3" ind2=" ">
   <subfield code="a">Nội dung gồm: một số đánh giá về cáo buộc thao túng tiền tệ của Hoa Kỳ đối với Việt Nam, giải pháp thúc đẩy phát triển kinh tế số ở Việt Nam, phân tích mối quan hệ giữa thương mại quốc tế và bảo vệ môi trường thông qua phân tích lý thuyết trò chơi, phân tích tác động của các nhân tố đến hiệu quả phân bổ của các doanh nghiệp nghành nghề chế tác của Việt Nam, phát hiện gian lận thẻ tín dụng bằng học máy, mối quan hệ giữa phong cách lãnh đạo phục vụ và sự đổi mới của nhóm: Trường hợp nghiên cứu ngành sản xuất nông lam thủy sản xuất khẩu.</subfield>
  </datafield>
  <datafield tag="655" ind1=" " ind2=" ">
   <subfield code="a">Tạp chí</subfield>
  </datafield>
  <datafield tag="942" ind1=" " ind2=" ">
   <subfield code="2">ddc</subfield>
   <subfield code="c">CR</subfield>
  </datafield>
  <datafield tag="952" ind1=" " ind2=" ">
   <subfield code="0">0</subfield>
   <subfield code="1">0</subfield>
   <subfield code="2">ddc</subfield>
   <subfield code="4">0</subfield>
   <subfield code="6">330_000000000000000_T109C</subfield>
   <subfield code="7">0</subfield>
   <subfield code="9">23584</subfield>
   <subfield code="a">000001</subfield>
   <subfield code="b">000001</subfield>
   <subfield code="d">2022-05-06</subfield>
   <subfield code="o">330 T109C</subfield>
   <subfield code="r">2022-05-06</subfield>
   <subfield code="w">2022-05-06</subfield>
   <subfield code="y">CR</subfield>
  </datafield>
  <datafield tag="980" ind1=" " ind2=" ">
   <subfield code="a">Thư viện Trường Đại học Nam Cần Thơ</subfield>
  </datafield>
 </record>
</collection>
